| 000 | 00352nam a22001217a 4500 | ||
|---|---|---|---|
| 999 |
_c857 _d857 |
||
| 005 | 20200819113421.0 | ||
| 008 | 200819b ||||| |||| 00| 0 eng d | ||
| 020 | _a9946 | ||
| 040 | _cCML | ||
| 245 |
_aMoral Education in a Changing Society. _cNiblett, W.R. |
||
| 260 |
_aLondon _bFaber and Faber Ltd _c1963 |
||
| 942 |
_2ddc _cBK _h370.1 _mNIB |
||